Central Library OPAC University of Rajshahi

في ظلال القران ;; Fī ẓilāl al-Qurʼān / (Record no. 78000)

MARC details
000 -LEADER
fixed length control field 00941cam a2200277 u 4500
001 - CONTROL NUMBER
control field 78000
003 - CONTROL NUMBER IDENTIFIER
rucl marc code BD-RjUL
005 - DATE AND TIME OF LATEST TRANSACTION
control field 20221211095649.0
008 - FIXED-LENGTH DATA ELEMENTS--GENERAL INFORMATION
fixed length control field 010215s1975 le || |000 0|ara||
035 ## - SYSTEM CONTROL NUMBER
System control number (BD-RjUL)
040 ## - CATALOGING SOURCE
Original cataloging agency UkOxU
Language of cataloging eng
Transcribing agency BD-RjUL
041 ## - LANGUAGE CODE
Language code of text/sound track or separate title ara
066 ## - CHARACTER SETS PRESENT
Alternate G0 or G1 character set (3
082 ## - DEWEY DECIMAL CLASSIFICATION NUMBER
Edition number 297.125
Classification number QUF
Author mark and year 1982
100 1# - MAIN ENTRY--PERSONAL NAME
Personal name قطب سيد ;; Quṭb, Sayyid,
Dates associated with a name 1906-1966.
9 (RLIN) 245394
245 10 - TITLE STATEMENT
Title في ظلال القران ;; Fī ẓilāl al-Qurʼān /
Statement of responsibility, etc. بقلم سيد قطب. ;; bi-qalam Sayyid Quṭb.
250 ## - EDITION STATEMENT
Edition statement al-Tabʿah al-mashrūʿah al-ʿthāniyah.
Edition statement لطبعة المشروعة الثانية.
260 ## - PUBLICATION, DISTRIBUTION, ETC. (IMPRINT)
Place of publication, distribution, etc. Bayrūt :
Name of publisher, distributor, etc. Dār al-Shurūq,
Date of publication, distribution, etc. 1395 1982
Place of publication, distribution, etc. بيروت :
Name of publisher, distributor, etc. دار الشروق،
Date of publication, distribution, etc. ٥٩٣١.
300 ## - PHYSICAL DESCRIPTION
Pagination 6 v. ;
Size 29 cm.
505 ## - FORMATTED CONTENTS NOTE
Formatted contents note v.3.--v.4.--V.5.fuqan wa ashuara-namal.--v.6.--
650 ## - SUBJECT ADDED ENTRY--TOPICAL TERM
Topical term or geographic name as entry element Qurʼan
Form subdivision Commentaries.
9 (RLIN) 245395
Topical term or geographic name as entry element Qurʼan.
9 (RLIN) 245396
942 ## - ADDED ENTRY ELEMENTS (KOHA)
Source of classification or shelving scheme Dewey Decimal Classification
Koha item type Books
Holdings
Lost status Source of classification or shelving scheme Damaged status Not for loan Collection code Permanent Location Current Location Shelving location Date acquired Total Checkouts Full call number Date last seen Copy number Koha item type
  Dewey Decimal Classification   Not For Loan Non-fiction Central Library, University of Rajshahi Central Library, University of Rajshahi Reading Room 28/02/2021   A 297.125 QUF V-5 1982 28/02/2021 C-1 Books
  Dewey Decimal Classification   Not For Loan Non-fiction Central Library, University of Rajshahi Central Library, University of Rajshahi Reading Room 28/02/2021   A 297.125 QUF V-6 1982 28/02/2021 C-1 Books
  Dewey Decimal Classification   Not For Loan Non-fiction Central Library, University of Rajshahi Central Library, University of Rajshahi Reading Room 28/02/2021   A 297.125 QUF V-4 1982 28/02/2021 C-1 Books
  Dewey Decimal Classification   Not For Loan Non-fiction Central Library, University of Rajshahi Central Library, University of Rajshahi Reading Room 28/02/2021   A 297.125 QUF V-3 1982 28/02/2021 C-1 Books